01049 2200385 4500001002100000005001500021035002000036007000300056040001700059100003000076245004800106250001100154300003900165020002200204041000800226082000800234084001400242090002000256264003300276336002100309337003000330338002300360500002800383650001400411850001000425008004100435700003500476504002900511990002000540990002100560990002000581990002000601990002000621990002200641INLIS00000000000798220260529094647 a0010-0922000471ta aSBPUPADbind0 aIrhayati HarunePengarang1 aA-Z Amazing to be Parents /cIrhayati Harun a.-ed.1 axii, 164 hlm :bilus ;c15 x 19 cm a978-979-29-2110-6 aind a649 a649 IRH a a813 JOH b L24-8 a.--Yogyakarta :bANDI,c2013 2rdacontentateks 2rdamediaatanpa perantara 2rdacarrieravolume aprofil penulis, hlm 163 4aParenting aPUPAD260529 0 0 aEditor, Aldo SahalaePengarang aBibliografi ,hlm 161-162 a28.386/P/DPK/17 a28387/P/DPK/2018 a28.385/P/DPK/17 a28.385/P/DPK/17 a28.385/P/DPK/17 a27.662/P/DPK/2018